[Event "Trois-Rivieres Mauricie op"]
[Site "Trois Rivieres"]
[Date "2011.03.19"]
[Round "2"]
[White "Chiku Ratte, Olivier Kenta"]
[Black "Fournier, Michael"]
[Result "0-1"]
[WhiteElo "2056"]
[BlackElo "1967"]
[PlyCount "134"]
[EventDate "2011.03.18"]
[EventType "swiss"]
[EventRounds "5"]
[EventCountry "CAN"]
[SourceTitle "EXT 2022"]
[Source "ChessBase"]
[SourceDate "2021.10.06"]
[SourceVersion "1"]
[SourceVersionDate "2021.10.06"]
[SourceQuality "1"]

1. d4 Nf6 2. c4 e5 3. dxe5 Ne4 4. Nf3 Bb4+ 5. Bd2 Nxd2 6. Nbxd2 Nc6 7. a3 Bxd2+ 8. Qxd2 Qe7 9. Qf4 0-0 10. Rd1 b6 11. e3 Re8 12. Rd5 Bb7 13. Qg4 Nxe5 14. Rxe5 Bxf3 15. Rxe7 Bxg4 16. Rxe8+ Rxe8 17. Bd3 Re5 18. Kd2 Kf8 19. Kc3 Ke7 20. b4 d6 21. f3 Bc8 22. e4 g5 23. g4 Re6 24. h4 Rh6 25. h5 Rf6 26. Rh3 h6 27. Kd4 c5+ 28. Ke3 Kd7 29. bxc5 dxc5 30. e5 Rf4 31. Bf5+ Kc7 32. Bxc8 Kxc8 33. Rh1 Rxc4 34. Rd1 Rc3+ 35. Ke2 Rc2+ 36. Kf1 Rc3 37. Kf2 Rxa3 38. Rd6 c4 39. Rc6+ Kd7 40. Rxc4 Rd3 41. Ke2 Rd5 42. f4 gxf4 43. Kf3 Rxe5 44. Kxf4 Rd5 45. Ke4 Rg5 46. Kf4 a5 47. Rd4+ Ke7 48. Rc4 Rc5 49. Re4+ Kf6 50. Re8 a4 51. Rb8 b5 52. Rb6+ Kg7 53. Ke4 a3 54. Kd3 b4 55. Rxb4 Ra5 56. Rb1 a2 57. Ra1 Kf6 58. Ke4 Kg5 59. Kf3 Ra3+ 60. Kf2 Kxg4 61. Rg1+ Kxh5 62. Rh1+ Kg5 63. Rg1+ Kf4 64. Ra1 Ke4 65. Re1+ Kd4 66. Rd1+ Kc3 67. Rc1+ Kb2 0-1

[Event "Montmagny op"]
[Site "Montmagny"]
[Date "2010.11.06"]
[Round "3"]
[White "Bolduc, Steve"]
[Black "Fournier, Michael"]
[Result "1-0"]
[WhiteElo "2315"]
[BlackElo "1967"]
[PlyCount "37"]
[EventDate "2010.11.05"]
[EventType "swiss"]
[EventRounds "5"]
[EventCountry "CAN"]
[SourceTitle "EXT 2022"]
[Source "ChessBase"]
[SourceDate "2021.10.06"]
[SourceVersion "1"]
[SourceVersionDate "2021.10.06"]
[SourceQuality "1"]

1. d4 Nf6 2. Nf3 e6 3. Bf4 b6 4. e3 Bb7 5. Bd3 Nd5 6. Bg3 f5 7. e4 Ne7 8. Nbd2 fxe4 9. Nxe4 Nbc6 10. c3 Nf5 11. Bf4 Be7 12. Qd2 d6 13. 0-0-0 Qd7 14. Neg5 Bxg5 15. Bxg5 0-0 16. h4 e5 17. dxe5 Nxe5 18. Nxe5 dxe5 19. Bc4+ 1-0

[Event "Montmagny op"]
[Site "Montmagny"]
[Date "2010.11.06"]
[Round "2"]
[White "Fournier, Michael"]
[Black "Lalonde, Jean Louis"]
[Result "1-0"]
[WhiteElo "1967"]
[BlackElo "1762"]
[PlyCount "59"]
[EventDate "2010.11.05"]
[EventType "swiss"]
[EventRounds "5"]
[EventCountry "CAN"]
[SourceTitle "EXT 2022"]
[Source "ChessBase"]
[SourceDate "2021.10.06"]
[SourceVersion "1"]
[SourceVersionDate "2021.10.06"]
[SourceQuality "1"]

1. e4 c5 2. Nc3 Nc6 3. f4 e6 4. Nf3 d6 5. Bb5 Bd7 6. 0-0 Nf6 7. d3 Be7 8. e5 dxe5 9. fxe5 Nd5 10. Ne4 a6 11. Bxc6 Bxc6 12. Nfg5 Nb4 13. Qf3 Qd4+ 14. Be3 Qxe5 15. Qxf7+ Kd7 16. Bxc5 Nd5 17. d4 Rhf8 18. dxe5 Rxf7 19. Rxf7 h6 20. Bxe7 Nxe7 21. Rd1+ Bd5 22. Nf3 Kc6 23. Rxe7 Bxe4 24. Rd6+ Kc5 25. Rc7+ Bc6 26. Nd4 Kb6 27. Rxg7 Rf8 28. c4 Rf4 29. c5+ Ka5 30. Nxc6+ 1-0